000 01337cam a2200277 a 4500
005 20180409175616.0
008 160226s2002 ck ad r 001 0 spa d
020 _a9587011899
035 _a(Sirsi) a732093
040 _aDLC
_cSaul Niño
_dSaul Niño
041 0 _aspa
060 _aWA 11
100 1 _aHernández Álvarez, Mario Esteban
_d1962-
_975847
245 1 3 _aLa salud fragmentada en Colombia
_b1910-1946
_cMario Esteban Hernández Alvarez ; editor Carlos Augusto Agudelo C.
260 _aBogotá (Colombia)
_bInstituto de Salud Pública, Departamento de Salud Pública y Tropical, Facultad de Medicina, Universidad Nacional de Colombia
_c2002
300 _axiii, 311 páginas
_bilustraciones, cuadros
504 _aIncluye referencias bibliográficas e índices
650 7 _aPolítica de salud
_xHistoria
_zColombia
_ySiglo XX
_921961
650 7 _aPlanificación de la salud
_xHistoria
_zColombia
_ySiglo XX
_921645
650 7 _aSalud pública
_xAspectos sociales
_xHistoria
_zColombia
_ySiglo XX
_98073
650 7 _aAtención médica
_xAspectos políticos
_xHistoria
_zColombia
_ySiglo XX
_99710
650 0 _aAdministración de los servicios de salud
_xAuditoría
_zColombia
_ySiglo XX
_956845
690 0 _aMedicina general
_919160
942 _2NLM
_a15
_cLIBRORESER
_e1
_hWA 11
_mH557sa
_n0
999 _c302732
_d302732